00923nam a2200241Ia 4500001000700000003000500007008004100012010001100053040000900064082001900073100008300092245007300175260010600248300002800354650013500382901001900517902000600536910000900542942000600551942000700557999001900564952009800583Z_3465CHAP220113s2000 xx 000 0 und d a166578 cCHAP a636.39 R4 2000 aReunión Nacional sobre Caprinocultura (15: 2000:Mérida, Yucatán)9140646 aMemorias /cpor Asociación Mexicana de Producción Caprina, A.C. aMéxico :bUniversidad Autónoma de Yucatán. Facultad de Medicina Veterinaria y Zootecnia,c2000 a221 p. cuad. ; gráfs. aGanado cabríoxCongresos I. Universidad Autónoma de Yucatán II. Asociación Mexicana de Producción Caprina, A.C.9140647 a636.39 R4 2000 aM a2000 c1 cc1 c166578d166578 00102ddc40708GRALaZbZc3d2005-11-09pz_3952r2022-01-18 00:00:00t1w2022-01-18yLIBRO